000 00477nam a2200169Ia 4500
003 IN-BaIIA
008 211028s9999 xx 000 0 eng d
020 _a978-81-7480-103-6
040 _cIIA Library
080 _a[8]:01:00
_bCHA
245 0 _aCharles Darwin's autobiography
_cedited by Francis Darwin
260 _aNew Delhi
_bVigyan Prasar
300 _avi, 88p.
650 _aAutobiography- Charles Darwin
_935867
700 _aDarwin, Francis, ed.
_935868
942 _cBK
999 _c18730
_d18730